Living words: studies in dialogues about religion
| Main Author: | |
|---|---|
| Format: | Print Book |
| Language: | English |
| Subito Delivery Service: | Order now. |
| Check availability: | HBZ Gateway |
| WorldCat: | WorldCat |
| Interlibrary Loan: | Interlibrary Loan for the Fachinformationsdienste (Specialized Information Services in Germany) |
| Published: |
Atlanta, Ga.
Scholars Press
1998
|
| In: |
Reflection and theory in the study of religion (12)
Year: 1998 |
| Series/Journal: | Reflection and theory in the study of religion
12 |
| Standardized Subjects / Keyword chains: | B
Interfaith dialogue
|
| Further subjects: | B
Dialogue
Religious aspects
B Religions Relations |
MARC
| LEADER | 00000cam a2200000 c 4500 | ||
|---|---|---|---|
| 001 | 1145108431 | ||
| 003 | DE-627 | ||
| 005 | 20251225180951.0 | ||
| 007 | tu | ||
| 008 | 990324s1998 xx ||||| 00| ||eng c | ||
| 010 | |a 98037407 | ||
| 020 | |a 0788505122 |c (pbk.) |9 0-7885-0512-2 | ||
| 035 | |a (DE-627)1145108431 | ||
| 035 | |a (DE-576)075108437 | ||
| 035 | |a (DE-599)BSZ075108437 | ||
| 035 | |a (OCoLC)246089036 | ||
| 040 | |a DE-627 |b ger |c DE-627 |e rakwb | ||
| 041 | |a eng | ||
| 050 | 0 | |a BL410.M37 1998 | |
| 082 | 0 | |a 291.1/72 | |
| 084 | |a 1 |2 ssgn | ||
| 100 | 1 | |0 (DE-588)1145925456 |0 (DE-627)1005762066 |0 (DE-576)173856020 |4 aut |a Martin, Terence J. |d 1951- | |
| 109 | |a Martin, Terence J. 1951- | ||
| 191 | |a 1 | ||
| 245 | 1 | 0 | |a Living words |b studies in dialogues about religion |c by Terence J. Martin |
| 264 | 1 | |a Atlanta, Ga. |b Scholars Press |c 1998 | |
| 300 | |a VIII, 374 S. | ||
| 336 | |a Text |b txt |2 rdacontent | ||
| 337 | |a ohne Hilfsmittel zu benutzen |b n |2 rdamedia | ||
| 338 | |a Band |b nc |2 rdacarrier | ||
| 490 | 1 | |a Reflection and theory in the study of religion |v 12 | |
| 500 | |a Includes bibliographical references and index | ||
| 583 | 1 | |a Archivierung prüfen |c 20200919 |f DE-640 |z 1 |2 pdager | |
| 583 | 1 | |a Archivierung/Langzeitarchivierung gewährleistet |f SSG |x XA-DE-BW |2 pdager |5 DE-21 | |
| 601 | |a Religion | ||
| 650 | 0 | |a Dialogue |x Religious aspects | |
| 650 | 0 | |a Religions |x Relations | |
| 689 | 0 | 0 | |d s |0 (DE-588)4192352-2 |0 (DE-627)105235164 |0 (DE-576)210079924 |2 gnd |a Interreligiöser Dialog |
| 689 | 0 | |5 (DE-627) | |
| 830 | 0 | |a Reflection and theory in the study of religion |v 12 |9 12 |w (DE-627)1119071291 |w (DE-576)049071297 |7 am | |
| 935 | |a mteo | ||
| 951 | |a BO | ||
| ELC | |b 1 | ||
| ITA | |a 1 |t 1 | ||
| LOK | |0 000 xxxxxcx a22 zn 4500 | ||
| LOK | |0 001 2352584779 | ||
| LOK | |0 003 DE-627 | ||
| LOK | |0 004 1145108431 | ||
| LOK | |0 005 19990515000000 | ||
| LOK | |0 008 990324||||||||||||||||ger||||||| | ||
| LOK | |0 040 |a DE-21 |c DE-627 |d DE-21 | ||
| LOK | |0 852 |a DE-21 | ||
| LOK | |0 852 1 |c 39 A 992 |9 00 | ||
| LOK | |0 935 |a theo | ||
| LOK | |0 936ln |a t11 | ||
| LOK | |0 939 |a 24-03-99 |b l01 | ||
| ORI | |a SA-MARC-ixtheoa001.raw | ||
| REL | |a 1 | ||
| STA | 0 | 0 | |a Interfaith dialogue,Interreligious relations,Interreligious dialog,Interreligious encounter |
| STB | 0 | 0 | |a Dialogue interreligieux,Dialogue interreligieux |
| STC | 0 | 0 | |a Diálogo interreligioso,Diálogo inter-religioso |
| STD | 0 | 0 | |a Dialogo interreligioso,Dialogo interreligioso |
| STE | 0 | 0 | |a 宗教间关系 |
| STF | 0 | 0 | |a 宗教間關係 |
| STG | 0 | 0 | |a Diálogo inter-religioso,Diálogo inter-religioso |
| STH | 0 | 0 | |a Межрелигиозный диалог |
| STI | 0 | 0 | |a Διαθρησκειακός διάλογος |
| SUB | |a REL | ||
| SYG | 0 | 0 | |a Interreligiöse Beziehung,Interreligiöse Begegnung,Interreligiöser Kontakt,Religionskontakt |



